000 00322nam a2200133Ia 4500
008 231129s1984||||xx |||||||||||||| ||spa||
040 _bspa
082 _a320.52 B562p
100 _aBetancur Belisario
245 0 _aPrensa libre amparo democratico
260 _c1984
264 _aImprenta Nacional
942 _2ddc
_cBKS
999 _c23143
_d23143